Responses for Show #3729 - Thursday, November 16, 2000

2000-B College Championship semifinal game 2.
From the University of Washington in Seattle.

Contestants

[<< previous game]

Pam Mueller, a junior at Loyola University, Chicago from Wilmette, Illinois

Mitali Banerjee, a freshman at Rice University from Houston, Texas

Suzanne Rivoire, a senior at the University of Texas from Spring, Texas

[next game >>]

Jeopardy! Round responses

MOUNTAINS
COLLEGE HODGEPODGE
STARS IN MUSIC VIDEOS
STATE NICKNAMES
BETWEEN WORLD WARS
10-LETTER WORDS
    $100 25
(with a minute to go...)

Mount Everest

Pam
    $100 9
USC (University of Southern California)

Suzanne
    $100 19
Waitress

Suzanne
    $100 1
Rhode Island

Pam
    $100 4
(M: What is a blimp?)

Zeppelin/airship

MitaliPam
    $100 2
Centennial

Suzanne
    $200 30
Sierra Nevadas

Suzanne
    $200 11
His mother

Pam
    $200 20
Jennifer Love Hewitt

Pam
    $200 3
Oklahoma

Suzanne
    $200 17
Reparations

Triple Stumper
    $200 5
Hypotenuse

Suzanne
    $300 29
Russia

Suzanne
    $300 14
FAA (Federal Aviation Administration)

Pam
    $300 21
Shannen Doherty

Pam
    $300 6
Arkansas

Pam
    $300 18
Labour

Mitali
    $300 7
Cardiology

Pam
    $400 28
Mount Pinatubo

Pam
    $400 15
Junior year

Suzanne
    $400 22
Jenna Elfman

Suzanne
    $400 8
Wisconsin

Suzanne
    $400 23
F. Scott Fitzgerald

Triple Stumper
    $400 12
Kookaburra

Pam
    $1,000 27
Mount McKinley/Mount Denali

Pam
    $500 16
Vassar College

Suzanne
    $500 26
Christina Ricci

Pam
    $500 10
(P: What is Texas?)

Wyoming

SuzannePam
    $500 24
Japan

Suzanne
    $500 13
Adolescent

Suzanne

Scores at the first commercial break (after clue 16):

Suzanne Mitali Pam
$2,900 -$100 $1,200

Scores at the end of the Jeopardy! Round:

Suzanne Mitali Pam
$4,400 $200 $3,700

Double Jeopardy! Round responses

CHEMISTRY
LIGHTS! CAMERA! ACTION MOVIE!
FROM THE KORAN
GOVERNMENT & POLITICS
RATS!
"V" SHALL SEE
    $200 24
(minute to go...)

Diamond

Pam
    $200 29
Speed

Suzanne
    $200 7
Allah

Mitali
    $200 2
Department of the Interior

Suzanne
    $200 15
Does

Suzanne
    $200 1
Vulcan

Suzanne
    $400 28
(P: What is hydrogen peroxide?)

Water

MitaliPam
    $400 30
The Patriot

Pam
    $400 16
Earthquake

Triple Stumper
    $400 3
Jesse Ventura

Suzanne
    $400 17
(M: What is 5 years?)

5 weeks

MitaliPam
    $400 11
Voyeur

Pam
    $600 27
Fluorine

Mitali
    $600 26
The Terminator

Suzanne
    $600 10
Mohammed

Pam
    $800 4
3 (2 senators & 1 representative)

Suzanne
    $600 18
Bubonic plague

Mitali
    $3,000 12
(P: What is vis-a-vis?)

Verbatim

Pam
    $800 20
H2SO4 (Sulfuric acid)

Pam
    $800 25
Gone in 60 Seconds

Pam
    $800 9
Aaron

Suzanne
    $800 5
Ways and Means

Suzanne
    $800 21
(P: What is a Norwegian rat?)
(Alex: We'll accept that.)

Norway rat

Pam
    $800 13
Vermin

Suzanne
    $1000 19
Brown

Suzanne
    $1000 23
John Woo

Suzanne
    $1000 8
(Mitali: Who is Isaiah?)
(Suzanne: Who is Isaac?)

Ishmael

SuzanneMitali
Triple Stumper
    $1000 6
Tom Daschle

Suzanne
    $1000 22
(S: What is edentata?)

Rodentia (rodents)

SuzannePam
    $1000 14
Vector

Pam

Scores at the end of the Double Jeopardy! Round:

Suzanne Mitali Pam
$10,400 $600 $6,700

[wagering suggestions for these scores]

Final Jeopardy! Round responses

HISTORIC TITLES
MitaliWhat is maestrro? :) Hi Lily!
$600
PamWhat is Dalai Lama?
$6,699
SuzanneWhat is poet laureate of England?
$3,001
The Dalai Lama

Final scores:

Suzanne Mitali Pam
$7,399 $0 $13,399
2nd place: $5,000 3rd place: $5,000 Finalist

Game dynamics:

Coryat scores:

Suzanne Mitali Pam
$10,200 $600 $9,200
27 R
(including 1 DD),
2 W
5 R,
3 W
23 R
(including 1 DD),
3 W
(including 1 DD)

Combined Coryat: $20,000

[game clues] [game scores] [suggest correction]

Game tape date: 2000-09-16
The J! Archive is created by fans, for fans. Scraping, republication, monetization, and malicious use prohibited; this site may use cookies and collect identifying information. See terms. The Jeopardy! game show and all elements thereof, including but not limited to copyright and trademark thereto, are the property of Jeopardy Productions, Inc. and are protected under law. This website is not affiliated with, sponsored by, or operated by Jeopardy Productions, Inc. Join the discussion at JBoard.tv.